000
00252nam a2200109Ia 4500
008
230312s9999||||xx |||||||||||||| ||und||
082
_a
657
_b
ATR-A
100
_a
Atrill
245
0
_a
Accounting business and society
650
_a
Management
942
_c
BK
999
_c
14615
_d
14615